04620nam a22006977a 450000100060000000300080000600500170001400700030003100800410003402000240007502000250009902000310012404000400015508200220019508200230021710001150024024500700035525000850042526400370051030000410054730000430058833600290063133700330066033800280069350500260072150500570074750500420080450500790084650500750092550500910100050501180109150500420120950500670125150500910131850500430140950500770145250500340152950500530156350500150161650500810163150500670171250500470177950500610182650500770188750500710196450500300203550500770206550500660214250500730220850500920228150500160237352007540238965000470314365000130319065000270320370000830323070001540331370001420346770001410360970001720375042835gtgccic20250520104658.0ta250520b sp ||||| |||| 00| 0 spa d a8448117786 (Vol. I) a8448117654 (Vol. II) a8448117662 (Obra completa) agtgccicbspacgtgccicdgtgccicerda a628.445 T252 v. I a628.445 T252 v. II1 aTchobanoglous, GeorgecCatedrático de Ingeniería Civil y ambiental. Universidad de California DaviseAutor aGestión integral de residuos sólidos /cGeorge Tchobanoglous. aTraducido de la primera edición en inglésbIntegrated solid waste management aEspaña :bMcGraw-Hill ;c1994. axxiii, 607 p. (vol. I) :bil.c25 cm axxiii, 1107 p. (vol. II) :bil.c25 cm 2rdacontenidoatextobtxt 2rdamedioasin mediaciónbn 2rdasoporteavolumenbnc tPARTE I Perspectivas t1 EVOLUCIÓN DE LA GESTIÓN DE RESIDUOS SÓLIDOS t2 TENDENCIAS E IMPACTOS LEGISLATIVOS tPARTE II Orígenes, composición y propiedades de los residuos sólidos t3 ORÍGENES, TIPOS Y COMPOSICIÓN DE LOS RESIDUOS SÓLIDOS URBANOS t4 PROPIEDADES FÍSICAS, QUÍMICAS Y BIOLÓGICAS DE LOS RESIDUOS SÓLIDOS URBANOS  t5 ORÍGENES, TIPOS Y PROPIEDADES DE LOS RESIDUOS PELIGROSOS ENCONTRADOS EN LOS RESIDUOS SÓLIDOS URBANOS tPARTE III Principios de ingeniería t6 TASAS DE GENERACIÓN Y RECOLECCIÓN DE RESIDUOS SÓLIDOS t7 MANIPULACIÓN Y SEPARACIÓN, ALMACENAMIENTO Y PROCESAMIENTO DE RESIDUOS EN ORIGEN t8 RECOLECCIÓN DE RESIDUOS SÓLIDOS t9 SEPARACIÓN Y PROCESAMIENTO Y TRANSFORMACIÓN DE RESIDUOS SÓLIDOS t10 TRANSFERENCIA Y TRANSPORTE t11 EVACUACIÓN DE RESIDUOS SÓLIDOS Y RECHAZOS tVOLUMEN II tPARTE IV Separación, transformación y reciclaje de materiales residuales t12 TECNOLOGÍAS DE PROCESAMIENTO Y SEPARACIÓN DE MATERIALES t13 TECNOLOGÍAS DE CONVERSIÓN TÉRMICA t14 TECNOLOGÍAS DE CONVERSIÓN BIOLÓGICA Y QUÍMICA t15 RECICLAJE DE MATERIALES ENCONTRADOS EN LOS RESIDUOS SÓLIDOS URBANOS tPARTE V Clausura, restauración y rehabilitación de vertederos  t16 CLAUSURA DE VERTEDEROS t17 SOLUCIONES PARA LUGARES DE EVACUACIÓN DE RESIDUOS FUERA DE SERVICIO t18 CUMPLIENDO OBJETIVOS ESTATALES Y FEDERALES DE DESVIACIÓN t19 IMPLANTACIÓN DE ALTERNATIVAS DE GESTIÓN DE RESIDUOS SÓLIDOS t20 PLANIFICACIÓN, LOCALIZACIÓN Y PERMISOS DE INSTALACIONES DE GESTIÓN DE RESIDUOS tApéndices aResiduos sólidos son todos los residuos que surgen de las actividades humanas y animales, que normalmente son sólidos y que se desechan como inútiles o no queridos. Los materiales de los residuos desechados a menudo son reutilizables y se pueden considerar como un recurso en otro marco. Gestión Integrada de Residuos sólidos es el término aplicado a todas las actividades asociadas con la gestión de los residuos dentro de la sociedad. La meta básica de la Gestión Integrada de Residuos Sólidos es gestionar los residuos de la sociedad de una forma que sea compatible con las preocupaciones ambientales y la salud pública, y con los deseos del público respecto a la reutilización y el reciclaje de materiales residuales. aADMINISTRACIÓN DE DESPERDICIOS SÓLIDOS aDESECHOS aINGENIERÍA AMBIENTAL aHilary TheisendVicepresidenteeAutorqBrown and Caldwell Consulting Engineers aSamuel VigildCatedrático de Ingeniería Civil y AmbientaleAutorqUniversidad Politécnica del Estado de California, San Luis Obispo. California aJuan Ignacio Tejero MonzóndCatedrático de Ingeiería Sanitaria y AmbientalqE.T.S. Ingenieros de Caminos (Universidad de Cantabria) aJosé Luis Gil DíazdCatedrático de la Escuela Universitaria de Ingeniería QuímicaqDpto. de Química Universidad de Cantabria aMarcel Szanto NareadAcadémico de la Universidad Católica de Valparaíso (Chile)eTraducción y revisión técnicaqProfesor Visitante de la Univ. de Cantabria